| 000 | 01639nab a2200253 i 4500 | ||
|---|---|---|---|
| 003 | BR-BrBNA | ||
| 005 | 20241219142258.0 | ||
| 008 | 241219b2015 bl.|r|pooa||| 00| 0 por | | ||
| 040 |
_aBR-BrBNA _bpor |
||
| 072 |
_aM12 _b8140 |
||
| 100 | _aJatobá, A. | ||
| 100 | _aSilva, B.C. | ||
| 245 | _aDensidade de estocagem na produção de juvenis de duas espécies de lambaris em sistema de recirculação | ||
| 500 | _a Publicação online; 16 ref.; Summary (En) | ||
| 520 | _a ABSTRACT - The aim of this study was to evaluate the stocking density for juveniles for two different species of characins (Astyanax bimaculatus and A. scabripinnis) in a recirculation system. An experiment was carried out with each type in which twelve tanks in each experiment were divided into four treatments (0.25, 0.75, 2.25 and 6.75 fish.L-1), in triplicate. At the end of cultures the stocking density 0.75 fish.L-1 showed greater weekly growth and final weight, for both species, and it is recommended for cultivation under similar conditions. Keywords: Astyanax bimaculatus, A. scabripinnis, zootechnical performance, yield | ||
| 650 | _aLAMBARI | ||
| 650 | _aPEIXE DE ÁGUA DOCE | ||
| 650 | _aPRODUÇÃO ANIMAL | ||
| 650 | _aPISCICULTURA | ||
| 773 | 0 |
_01643 _9315896 _dBelo Horizonte-MG Universidade Federal de Minas Gerais - Escola de Veterinaria 1983 _o2024-2261 _tArquivo Brasileiro de Medicina Veterinária e Zootecnia (Brazil) _x0102-0935 _gv. 67(5) p. 1469-1474; (2015) _wBR2024004020 |
|
| 856 | _uhttps://www.scielo.br/j/abmvz/a/xBSvTmN4HXXYqjYFf7jMX4r/?format=pdf&lang=pt | ||
| 942 | _cANA | ||
| 999 |
_c329364 _d329364 |
||